Central Library OPAC University of Rajshahi

The creation of world poverty / (Record no. 4230)

MARC details
000 -LEADER
fixed length control field 00745nam a2200265 a 4500
001 - CONTROL NUMBER
control field 4230
003 - CONTROL NUMBER IDENTIFIER
rucl marc code BD-RjUL
005 - DATE AND TIME OF LATEST TRANSACTION
control field 20211208233846.0
008 - FIXED-LENGTH DATA ELEMENTS--GENERAL INFORMATION
fixed length control field 131222s1982 ii b 00010 eng d
035 ## - SYSTEM CONTROL NUMBER
System control number (BD-RjUL)4265
System control number (BD-RjUL)
040 ## - CATALOGING SOURCE
Original cataloging agency CLONE
Transcribing agency ANL
Language of cataloging eng
041 ## - LANGUAGE CODE
Language code of text/sound track or separate title eng
082 0# - DEWEY DECIMAL CLASSIFICATION NUMBER
Classification number 337
Edition number 20
Author mark and year HAC 1982
100 1# - MAIN ENTRY--PERSONAL NAME
Personal name Hayter, Teresa.
9 (RLIN) 13407
245 14 - TITLE STATEMENT
Title The creation of world poverty /
Statement of responsibility, etc. Teresa Hayter.
260 0# - PUBLICATION, DISTRIBUTION, ETC. (IMPRINT)
Place of publication, distribution, etc. New Delhi :
Name of publisher, distributor, etc. Selectbook Service Syndicate,
Date of publication, distribution, etc. 1982.
300 ## - PHYSICAL DESCRIPTION
Pagination 128 p. ;
Size 23 cm.
504 ## - BIBLIOGRAPHY, ETC. NOTE
Bibliography, etc Bibliography: p. 124-128.
526 ## - STUDY PROGRAM INFORMATION NOTE
Requested Dept. Economics
650 #0 - SUBJECT ADDED ENTRY--TOPICAL TERM
Topical term or geographic name as entry element Economic assistance.
9 (RLIN) 13408
Topical term or geographic name as entry element Imperialism.
9 (RLIN) 13409
Topical term or geographic name as entry element International economic relations.
9 (RLIN) 13410
942 ## - ADDED ENTRY ELEMENTS (KOHA)
Source of classification or shelving scheme Dewey Decimal Classification
Koha item type Books
Holdings
Lost status Source of classification or shelving scheme Damaged status Not for loan Collection code Permanent Location Current Location Shelving location Date acquired Source of acquisition Cost, normal purchase price Total Checkouts Full call number Date last seen Copy number Koha item type
  Dewey Decimal Classification     Non-fiction Central Library, University of Rajshahi Central Library, University of Rajshahi   23/04/1985 Tulip 65.00   337 HAC 1982 22/12/2013 C-2 Books
  Dewey Decimal Classification     Non-fiction Central Library, University of Rajshahi Central Library, University of Rajshahi   23/04/1985 Tulip 65.00   337 HAC 1982 26/07/2016 C-3 Books
  Dewey Decimal Classification   Not For Loan Non-fiction Central Library, University of Rajshahi Central Library, University of Rajshahi Reading Room 23/04/1985 Tulip 65.00   337 HAC 1982 20/12/2016 C-1 Books